| 000 | 00906nam a22002297a 4500 | ||
|---|---|---|---|
| 999 |
_c15483 _d15483 |
||
| 003 | AR-CdUCM | ||
| 008 | 190427b ||||| |||| 00| 0 spa d | ||
| 040 |
_aMUNICIPALIDAD PROVINCIAL DEL CUSCO _cBIBLIOTECA MUNICIPAL DEL CUSCO |
||
| 082 |
_a211 / _bO91 / 1925 |
||
| 100 |
_aOtto, Rodolfo _934578 |
||
| 245 |
_aLo santo : _bLo racional y lo irracional en la idea de Dios / |
||
| 260 |
_aMadrid : _bRevista Occidente, _c1925. |
||
| 300 |
_a220 paginas ; _c20 cm. |
||
| 440 |
_aNuevos hechos-Nuevas ideas _934579 |
||
| 505 | _aContenido :Racional e irracional --Lo numinoso --Los aspectos de lo numinoso --Mysterium tremendum --El misterio --Himnos numinosos --El aspecto fascinante --Correspondencias ... | ||
| 650 |
_aHumanidad _94969 |
||
| 650 |
_aRacionalidad _914981 |
||
| 650 |
_aFamilia _92366 |
||
| 700 |
_aFernando Vela (traducción) _934580 |
||
| 942 |
_2ddc _cLIBROS |
||
| 945 |
_arjall _d2019-04-27 |
||